Structure and bonding in condensed matter (Record no. 76927)
[ view plain ]
| 000 -LEADER | |
|---|---|
| fixed length control field | 00960nam a2200205 a 4500 |
| 008 - FIXED-LENGTH DATA ELEMENTS--GENERAL INFORMATION | |
| fixed length control field | 120416s1995 ||||||||||||||||| || u |
| 020 ## - INTERNATIONAL STANDARD BOOK NUMBER | |
| International Standard Book Number | 0521468221 |
| 050 ## - LIBRARY OF CONGRESS CALL NUMBER | |
| Classification number | Q 334 Nic |
| 100 ## - MAIN ENTRY--PERSONAL NAME | |
| Personal name | Nichols, Carol S |
| 245 10 - TITLE STATEMENT | |
| Title | Structure and bonding in condensed matter |
| 260 ## - PUBLICATION, DISTRIBUTION, ETC. | |
| Place of publication, distribution, etc. | Cambridge |
| Name of publisher, distributor, etc. | The University Press |
| Date of publication, distribution, etc. | 1995 |
| 350 ## - | |
| -- | 0.00 |
| 650 ## - SUBJECT ADDED ENTRY--TOPICAL TERM | |
| Topical term or geographic name entry element | CHEMICAL BONDS |
| 650 #0 - SUBJECT ADDED ENTRY--TOPICAL TERM | |
| Topical term or geographic name entry element | CHEMISTRY, PHYSICAL AND THEORETICAL |
| 650 ## - SUBJECT ADDED ENTRY--TOPICAL TERM | |
| Topical term or geographic name entry element | CONDENSED MATTER |
| 650 ## - SUBJECT ADDED ENTRY--TOPICAL TERM | |
| Topical term or geographic name entry element | ELECTRONIC STRUCTURE |
| 995 ## - | |
| -- | ANNEX COLLECTION (Main Library) |
| -- | 0.00 |
| -- | 728273 |
| -- | CBU-MAIN LIBRARY (Kitwe) |
| -- | 3 |
| -- | 75.00 |
| -- | Q 334 Nic |
| -- | 3 |
| -- | AVAILABLE |
| -- | 026367 |
| -- | Annex Low-Usage Collection |
| 995 ## - | |
| -- | ANNEX COLLECTION (Main Library) |
| -- | 0.00 |
| -- | 728272 |
| -- | CBU-MAIN LIBRARY (Kitwe) |
| -- | 1 |
| -- | 75.00 |
| -- | Q 334 Nic |
| -- | 1 |
| -- | AVAILABLE |
| -- | 025853 |
| -- | Annex Low-Usage Collection |
| 995 ## - | |
| -- | ANNEX COLLECTION (Main Library) |
| -- | 0.00 |
| -- | 728274 |
| -- | CBU-MAIN LIBRARY (Kitwe) |
| -- | 2 |
| -- | 75.00 |
| -- | Q 334 Nic |
| -- | 2 |
| -- | AVAILABLE |
| -- | 026366 |
| -- | Annex Low-Usage Collection |
| 999 ## - | |
| -- | 76927 |
| -- | 76927 |
| Withdrawn status | Lost status | Source of classification or shelving scheme | Damaged status | Not for loan | Permanent Location | Current Location | Date acquired | Full call number | Barcode | Date last seen | Copy number | Price effective from | Koha item type | Shelving location | Total Checkouts |
|---|---|---|---|---|---|---|---|---|---|---|---|---|---|---|---|
| Withdrawn | CBU-MAIN LIBRARY, KITWE. | CBU-MAIN LIBRARY, KITWE. | 04/25/2023 | Q 334 Nic | 026367 | 04/25/2023 | 1 | 04/25/2023 | MONOGRAPH | ||||||
| CBU-MAIN LIBRARY, KITWE. | CBU-MAIN LIBRARY, KITWE. | 04/25/2023 | Q 334 Nic | 025853 | 04/25/2023 | 2 | 04/25/2023 | MONOGRAPH | |||||||
| CBU-MAIN LIBRARY, KITWE. | CBU-MAIN LIBRARY, KITWE. | 04/25/2023 | Q 334 Nic | 026366 | 04/25/2023 | 3 | 04/25/2023 | MONOGRAPH |